| 000 | 00440nam a2200145 i 4500 | ||
|---|---|---|---|
| 001 | 26228 | ||
| 003 | ES-MaACL | ||
| 005 | 20230906153415.0 | ||
| 007 | t| | ||
| 008 | 030108s1863 be ||||1| fre d | ||
| 100 | 1 |
_aAsser, Tobias Michael Carel. _923655 |
|
| 245 | 1 | 4 |
_aLes sociétés anonymes etablies a l'etranger / _cTobias Michael Carel Asser. |
| 260 |
_aBruxelles : _b[s.n., _c1863] |
||
| 852 |
_aES-MaACL _jT-1288-F-2 |
||
| 999 |
_c26228 _d26228 |
||